000 00740nam a2200289Ia 4500
005 20260324151022.0
008 008 260324s9999 xx 000 0 eng d
020 _a9781315745619
037 _aEBOOK
040 _aCRL
040 _beng
040 _cCRL
041 _2eng
041 _aeng
084 _qCRL
100 _aA. E. Bridger
_91228440
245 0 _aMinds in Distress (Psychology Revivals)
245 2 _bA Psychological Study of the Masculine and Feminine Mind in Health and in Disorder
260 _bTaylor and Francis
260 _c1913
365 _a
365 _b195
856 _uhttp://www.taylorfrancis.com/books/9781315745619
942 _cEBOOK
999 _c1838856
_d1838856